Institutionalization of a farming systems approach to development : (Record no. 14892)

000 -LEADER
fixed length control field 00589nam a2200157 a 4500
020 ## - INTERNATIONAL STANDARD BOOK NUMBER
ISBN 9251032505
040 ## - CATALOGING SOURCE
Transcribing agency TxDa
082 00 - DEWEY DECIMAL CLASSIFICATION NUMBER
Classification number 630 FOO 1992 A053 Or.
245 00 - TITLE STATEMENT
Title Institutionalization of a farming systems approach to development :
Remainder of title proceedings of technical discussions, Rome, 15-17 October 1991.
260 ## - PUBLICATION, DISTRIBUTION, ETC. (IMPRINT)
Place of publication Rome :
Name of publisher Food and Agriculture Organization of the United Nations,
Year of publication 1992, c1993.
300 ## - PHYSICAL DESCRIPTION
Number of Pages 1, 333 p :
Other physical details ill. ;
Dimensions 30 cm.
650 #0 - SUBJECT ADDED ENTRY--TOPICAL TERM
Topical Term Agricultural systems
650 #0 - SUBJECT ADDED ENTRY--TOPICAL TERM
Topical Term Farm management
710 2# - ADDED ENTRY--CORPORATE NAME
Corporate name or jurisdiction name as entry element Food and Agriculture Organization of the United Nations.
942 ## - ADDED ENTRY ELEMENTS (KOHA)
Koha item type សៀវភៅភាសាអង់គ្លេស
952 ## - LOCATION AND ITEM INFORMATION (KOHA)
Withdrawn status [LOCAL, KOHA] 0
Holdings
Permanent Location Date acquired Koha item type Lost status Shelving location Barcode Current Location Full call number
Library Block A2017-10-31សៀវភៅភាសាអង់គ្លេស A053A20898Library Block A630 FOO 1992 A053 Co.
មជ្ឈមណ្ឌលឯការនៃសាកលវិទ្យាល័យភូមិន្ទកសិកម្មចំការដូង

Powered by Koha